zpět

Detail výsledku týmu

Pivovar Kolkovna - Praha 7, Praha

Datum a čas kvízu

45 Celkem bodů Celkový počet nahraných bodů na tomto kvízu bez doplňovacích otázek.
1. Pořadí na kvízu Konečné umístění týmu na tomto kvízu.

Zaznamenané odpovědi

# Otázka Odpověď Body Výsledky
1. Který muž byl jmenován do funk... A 1
2. Italská vesnice Punta Marina č... pávy 0
3. Prodejce langošů ve slovenském... chybějící diakritika (háčky a čárky) 1
4. Ministr spravedlnosti Jeroným... B) 3 lety 0
5. Na okruhu ležícím poblíž jedno... Most 1
6. Vítězné téma facebookového hla... 36 týmů 0
7. Ve kterých třech jazycích je s... angličtina, francouzština, němčina 1
8. Pokud budeme počítat i předchů... C 1
9. K památnému finále došlo v roc... Vladimír Šmicer, Milan Baroš 1
10. Historicky nejlepšími střelci... Robert Lewandowski 1